Instalaciones en los edificios : fontanería y saneamiento

সংরক্ষণ করুন:
গ্রন্থ-পঞ্জীর বিবরন
প্রধান লেখক: Rodríguez, Avial Mariano
বিন্যাস: গ্রন্থ
ভাষা:Spanish
প্রকাশিত: Madrid : Dossat 1958
সংস্করন:3
বিষয়গুলি:
ট্যাগগুলো: ট্যাগ যুক্ত করুন
কোনো ট্যাগ নেই, প্রথমজন হিসাবে ট্যাগ করুন!

MARC

LEADER 00000nam a2200000Ia 4500
003 001807
005 20221231143846.0
008 140116s1958 sp a 000 ||spa d
040 |c cru CEDI 
082 |a  696 R696i 
100 |a Rodríguez, Avial Mariano  |9 20787 
245 |a Instalaciones en los edificios : fontanería y saneamiento  
250 |a 3   |b ampliada 
260 |c 1958  |a  Madrid : Dossat 
300 |c 279 páginas ; ilustraciones  
650 |x DESAGUES CLOACALES   |x INSTALACIONES DE TUBERIAS   |x INSTALACIONES DE GAS  |9 20788 
942 |2 ddc 
999 |c 13346  |d 13346